options for improving household food security and income generation in sna ansar commune, krakor district, pursat province (ជំរើសនានាសម្រាប់កែលំអសន្តិសុខស្បៀងនិង​ប្រាក់ចំនូល គ្រួសារនៅឃុំស្នាអង្សារ​ ស្រុកក្រគរ ខេត្តពោធិសាត់) (Record no. 918)

000 -LEADER
fixed length control field 00763nam a22001337a 4500
040 ## - CATALOGING SOURCE
Transcribing agency RUA
082 ## - DEWEY DECIMAL CLASSIFICATION NUMBER
Classification number AGR PHY 2009 B041 Or.1
100 ## - MAIN ENTRY--AUTHOR NAME
Personal name PHY, CHHIN.
245 ## - TITLE STATEMENT
Title options for improving household food security and income generation in sna ansar commune, krakor district, pursat province (ជំរើសនានាសម្រាប់កែលំអសន្តិសុខស្បៀងនិង​ប្រាក់ចំនូល គ្រួសារនៅឃុំស្នាអង្សារ​ ស្រុកក្រគរ ខេត្តពោធិសាត់)
260 ## - PUBLICATION, DISTRIBUTION, ETC. (IMPRINT)
Place of publication Phnom Penh
Name of publisher RUA
Year of publication 2009
300 ## - PHYSICAL DESCRIPTION
Number of Pages xi, 61p.
Other physical details ill.
Dimensions 29cm.
856 ## - ELECTRONIC LOCATION AND ACCESS
Uniform Resource Identifier https://drive.google.com/file/d/1h3zC-T5wCe68jQW3ZY8Yn9jChgnQGYTi/view?usp=sharing
942 ## - ADDED ENTRY ELEMENTS (KOHA)
Koha item type AGR
952 ## - LOCATION AND ITEM INFORMATION (KOHA)
Withdrawn status [LOCAL, KOHA] 0
952 ## - LOCATION AND ITEM INFORMATION (KOHA)
Withdrawn status [LOCAL, KOHA] 0
952 ## - LOCATION AND ITEM INFORMATION (KOHA)
Withdrawn status [LOCAL, KOHA] 0
952 ## - LOCATION AND ITEM INFORMATION (KOHA)
Withdrawn status [LOCAL, KOHA] 0
952 ## - LOCATION AND ITEM INFORMATION (KOHA)
Withdrawn status [LOCAL, KOHA] 0
952 ## - LOCATION AND ITEM INFORMATION (KOHA)
Withdrawn status [LOCAL, KOHA] 0
952 ## - LOCATION AND ITEM INFORMATION (KOHA)
Withdrawn status [LOCAL, KOHA] 0
952 ## - LOCATION AND ITEM INFORMATION (KOHA)
Withdrawn status [LOCAL, KOHA] 0
Holdings
Permanent Location Date acquired Koha item type Lost status Shelving location Barcode Current Location Full call number
Library Block B2015-09-20AGR B041RUA000063Library Block BAGR PHY 2009 B041 Or.1
Library Block B2015-09-20AGR B041RUA000817Library Block BAGR PHY 2009 B041 Or.2
Library Block B2015-09-20AGR B041RUA000195Library Block BAGR PHY 2009 B041 Or.3
Library Block B2015-09-20AGR B041RUA000814Library Block BAGR PHY 2009 B041 Or.4
Library Block B2015-09-20AGR B041RUA000165Library Block BAGR PHY 2009 B041 Or.5
Library Block B2015-09-20AGR B041RUA000199Library Block BAGR PHY 2009 B041 Or.6
Library Block B2015-09-20AGR B041RUA000045Library Block BAGR PHY 2009 B041 Or.7
Library Block B2015-09-20AGR B041RUA000198Library Block BAGR PHY 2009 B041 Or.8
មជ្ឈមណ្ឌលឯការនៃសាកលវិទ្យាល័យភូមិន្ទកសិកម្មចំការដូង

Powered by Koha